[Event "ODJM A 2017"]
[Site "Willingen GER"]
[Date "2017.06.04"]
[Round "1"]
[White "Bold, Andre"]
[Black "Knudsen, Simon"]
[Result "0-1"]
[Termination "normal"]
[Board "26"]
[WhiteElo "1905"]
[BlackElo "2004"]
[PlyCount "136"]
[WhiteFideId "16208471"]
[BlackFideId "12985546"]
[EventCountry "GER"]
[EventRounds "9"]
[EventType "swiss"]
[EventDate "2017.06.03"]

1. e4 c5 2. Nf3 d6 3. d4 cxd4 4. Nxd4 Nf6 5. Nc3 a6 6. Be3 e6 7. a4 b6 8. g3
Bb7 9. Bg2 Qc7 10. O-O Be7 11. Qe2 O-O 12. Rad1 Nbd7 13. f4 Nc5 14. Bf2 Rac8
15. Rd2 Rfd8 16. f5 e5 17. Nb3 Qc6 18. Nxc5 dxc5 19. Rfd1 Qc7 20. Be3 c4 21.
Nd5 Nxd5 22. exd5 Bc5 23. c3 Qd6 24. Be4 f6 25. h4 Bxe3+ 26. Qxe3 Qc5 27. Kf2
Rd6 28. Qxc5 Rxc5 29. Ke3 Kf7 30. Bc2 Rcxd5 31. Rxd5 Rxd5 32. Rxd5 Bxd5 33. Bd1
Ke7 34. Bc2 Kd6 35. Bb1 Kc5 36. Bc2 Bc6 37. Bd1 Bg2 38. Bh5 Bf1 39. a5 b5 40.
Be8 Bd3 41. Bd7 b4 42. Kd2 Be4 43. Bc8 bxc3+ 44. Kxc3 Kb5 45. Bd7+ Kxa5 46.
Kxc4 Kb6 47. b4 Bc6 48. Bc8 Bb5+ 49. Kd5 Kc7 50. Be6 Bd7 51. Bg8 Bxf5 52. Kc5
Be4 53. Bc4 Bb7 54. g4 h6 55. Bd3 Bc8 56. Be2 g6 57. g5 hxg5 58. hxg5 fxg5 59.
Kd5 g4 60. Ke4 Bb7+ 61. Ke3 g3 62. Bd3 g5 63. Be2 Kd6 64. Bc4 Ke7 65. Be2 Kf6
66. b5 a5 67. b6 g2 68. Kf2 Ke7 0-1

[Event "ODJM A 2017"]
[Site "Willingen GER"]
[Date "2017.06.04"]
[Round "1"]
[White "Arndt, Magnus"]
[Black "Knüdel, Torben"]
[Result "1-0"]
[Termination "normal"]
[Board "27"]
[WhiteElo "2017"]
[BlackElo "1845"]
[PlyCount "71"]
[WhiteFideId "12998656"]
[BlackFideId "16208820"]
[EventCountry "GER"]
[EventRounds "9"]
[EventType "swiss"]
[EventDate "2017.06.03"]

1. e4 c5 2. c3 Nf6 3. e5 Nd5 4. g3 Qc7 5. f4 b6 6. Bg2 Bb7 7. Nf3 e6 8. O-O Nc6
9. d4 cxd4 10. cxd4 Ncb4 11. Na3 Ba6 12. Rf2 Rc8 13. Ne1 Be7 14. Nac2 O-O 15.
a3 Nxc2 16. Rxc2 Qb8 17. Bd2 Rc6 18. f5 Rxc2 19. Nxc2 Bd3 20. f6 gxf6 21. Bh6
Bxc2 22. Qxc2 Rc8 23. Qe2 Kh8 24. Bxd5 exd5 25. Rf1 fxe5 26. Rxf7 Qd6 27. Bg7+
Kg8 28. Bxe5 Kxf7 29. Bxd6 Bxd6 30. Qh5+ Ke6 31. Qh6+ Ke7 32. Qxh7+ Ke6 33.
Qg6+ Ke7 34. h4 Rc4 35. h5 Rxd4 36. Qg7+ 1-0

[Event "ODJM A 2017"]
[Site "Willingen GER"]
[Date "2017.06.04"]
[Round "1"]
[White "Greßmann, Hanna"]
[Black "Longo, Claudio"]
[Result "1/2-1/2"]
[Termination "normal"]
[Board "28"]
[WhiteElo "1840"]
[BlackElo "1979"]
[PlyCount "83"]
[WhiteFideId "12930709"]
[BlackFideId "12994766"]
[EventCountry "GER"]
[EventRounds "9"]
[EventType "swiss"]
[EventDate "2017.06.03"]

1. d4 d5 2. Nf3 Nf6 3. e3 e6 4. Bd3 c5 5. c3 Nc6 6. Nbd2 Qc7 7. O-O Bd6 8. dxc5
Bxc5 9. e4 O-O 10. Qe2 Re8 11. h3 h6 12. e5 Nd7 13. Re1 b6 14. Nb3 Bf8 15. Nbd4
a6 16. Bf4 Bb7 17. Rac1 b5 18. a3 Nb6 19. Bb1 Nc4 20. Qc2 g6 21. Qe2 Bg7 22.
Bd3 Rec8 23. Ra1 Qb6 24. b3 N4a5 25. Qd2 Kh7 26. h4 h5 27. Ng5+ Kg8 28. Ngf3
Nxd4 29. Nxd4 Nc6 30. Bf1 Rc7 31. Rac1 Rac8 32. Be3 Nxd4 33. cxd4 Rc6 34. Rxc6
Rxc6 35. b4 Qc7 36. Rc1 f6 37. f4 Kf7 38. Rxc6 Qxc6 39. Qc1 Bh6 40. Qxc6 Bxc6
41. Kf2 Bf8 42. Bd3 1/2-1/2

[Event "ODJM A 2017"]
[Site "Willingen GER"]
[Date "2017.06.04"]
[Round "1"]
[White "Mantel, Ruben"]
[Black "Seregina, Maria"]
[Result "1-0"]
[Termination "normal"]
[Board "29"]
[WhiteElo "1961"]
[BlackElo "1829"]
[PlyCount "61"]
[WhiteFideId "12930121"]
[BlackFideId "24178853"]
[EventCountry "GER"]
[EventRounds "9"]
[EventType "swiss"]
[EventDate "2017.06.03"]

1. d4 f5 2. Nf3 Nf6 3. g3 g6 4. Bg2 Bg7 5. O-O O-O 6. b3 c5 7. e3 cxd4 8. exd4
Nc6 9. Bb2 Nh5 10. Re1 f4 11. g4 Nf6 12. h3 d5 13. Nc3 h6 14. Ne5 g5 15. Na4
Qc7 16. Nxc6 bxc6 17. Nc5 Ne4 18. Nxe4 dxe4 19. Bxe4 h5 20. Qf3 hxg4 21. hxg4
Qd6 22. Kg2 Be6 23. c4 Rad8 24. Rad1 Qc7 25. Rh1 Qc8 26. Bh7+ Kf7 27. Qe4 Rh8
28. d5 Bxb2 29. Qg6+ Kf8 30. dxe6 Rxd1 31. Qf7# 1-0

[Event "ODJM A 2017"]
[Site "Willingen GER"]
[Date "2017.06.04"]
[Round "1"]
[White "Petersen, Finn Christopher"]
[Black "Hinrichs, Niklas"]
[Result "0-1"]
[Termination "normal"]
[Board "32"]
[WhiteElo "1720"]
[BlackElo "1930"]
[PlyCount "60"]
[WhiteFideId "12964840"]
[BlackFideId "12942499"]
[EventCountry "GER"]
[EventRounds "9"]
[EventType "swiss"]
[EventDate "2017.06.03"]

1. e4 c5 2. Nf3 d6 3. d4 cxd4 4. Nxd4 Nf6 5. Nc3 a6 6. Bc4 e6 7. Bb3 Be7 8. g4
h6 9. Rg1 Nc6 10. h4 Qa5 11. Qd3 Nd7 12. Nxc6 bxc6 13. g5 Ne5 14. Qg3 hxg5 15.
Bxg5 f6 16. Bf4 Rxh4 17. Bxe5 Rxe4+ 18. Kd1 Rxe5 19. Qxg7 Qc5 20. Qg3 Kd7 21.
a3 Bb7 22. Kc1 Rh8 23. Na4 Qa7 24. Kb1 Rg5 25. Bxe6+ Kc7 26. Bg4 Qd4 27. Re1
Rh7 28. Qe3 Qxe3 29. Rxe3 Rxg4 30. Nc3 d5 0-1

[Event "ODJM A 2017"]
[Site "Willingen GER"]
[Date "2017.06.04"]
[Round "1"]
[White "Kornitzky, Tino"]
[Black "Kracht, Raphael"]
[Result "1-0"]
[Termination "normal"]
[Board "33"]
[WhiteElo "1996"]
[BlackElo "1682"]
[PlyCount "116"]
[WhiteFideId "12970379"]
[BlackFideId "16214382"]
[EventCountry "GER"]
[EventRounds "9"]
[EventType "swiss"]
[EventDate "2017.06.03"]

1. d4 d5 2. c4 e6 3. g3 Nf6 4. Bg2 dxc4 5. Nf3 Nc6 6. Qa4 Bb4+ 7. Bd2 Nd5 8.
Bxb4 Ndxb4 9. Na3 Rb8 10. Qb5 Qd5 11. O-O Qxb5 12. Nxb5 a6 13. Nxc7+ Kd8 14. a3
Kxc7 15. axb4 b5 16. Rfc1 Kb6 17. b3 cxb3 18. Rab1 Nxb4 19. Rxb3 a5 20. Ne5 Bb7
21. Nd7+ Ka6 22. Nxb8+ Rxb8 23. e4 Rd8 24. Rd1 Nc2 25. d5 b4 26. Rb2 Na3 27.
Ra1 Rc8 28. d6 e5 29. d7 Rd8 30. Rd2 Bc6 31. Rc1 Kb7 32. Rd6 Bxd7 33. Rcd1 Kc7
34. Bh3 Bxh3 35. Rxd8 Be6 36. Ra8 Kb6 37. Kf1 Nb5 38. Ra1 Na3 39. Ke2 Kb5 40.
Kd2 a4 41. Rc1 Nc4+ 42. Kd3 Nb2+ 43. Kc2 a3 44. Rb8+ Kc4 45. Rb1 Nd3 46. Ra8
b3+ 47. Kd2 a2 48. Ra4+ Kc5 49. Ra5+ Kd6 50. Rxb3 Bxb3 51. Kxd3 g6 52. f4 exf4
53. gxf4 h5 54. h4 Kc6 55. Kc3 Be6 56. Kb2 Kd6 57. Rg5 Bc4 58. f5 Kc5 1-0

[Event "ODJM A 2017"]
[Site "Willingen GER"]
[Date "2017.06.04"]
[Round "1"]
[White "Herbrig, Marie-Helén"]
[Black "Koch, Yannick"]
[Result "0-1"]
[Termination "normal"]
[Board "34"]
[WhiteElo "1884"]
[BlackElo "1927"]
[PlyCount "76"]
[WhiteFideId "12900427"]
[BlackFideId "24661678"]
[EventCountry "GER"]
[EventRounds "9"]
[EventType "swiss"]
[EventDate "2017.06.03"]

1. d4 e6 2. c4 Nf6 3. Nc3 Bb4 4. Qc2 O-O 5. e4 d5 6. e5 Ne4 7. a3 Bxc3+ 8. bxc3
c5 9. Bd3 cxd4 10. cxd4 Nc6 11. Bb2 Qa5+ 12. Ke2 f5 13. h4 Bd7 14. Nh3 Rac8 15.
Nf4 dxc4 16. Bxe4 fxe4 17. Qxe4 Ne7 18. Rh3 c3 19. Bc1 Bc6 20. Qc2 Nf5 21. Be3
Nxd4+ 22. Bxd4 Rxf4 23. Bxc3 Qa6+ 24. Ke1 Bxg2 25. Qd3 Bxh3 26. Qxh3 Re4+ 27.
Kd1 Qe2+ 28. Kc1 Rxc3+ 29. Qxc3 Rc4 30. Qxc4 Qxc4+ 31. Kb1 Qf1+ 32. Kb2 Qxf2+
33. Kc3 Qe3+ 34. Kc2 Qe4+ 35. Kb3 Qxh4 36. Rc1 Qg3+ 37. Rc3 Qxc3+ 38. Kxc3 h5
0-1

[Event "ODJM A 2017"]
[Site "Willingen GER"]
[Date "2017.06.04"]
[Round "1"]
[White "Yi, Danny"]
[Black "Schilay, Lorenz"]
[Result "1-0"]
[Termination "normal"]
[Board "35"]
[WhiteElo "2066"]
[BlackElo "1875"]
[PlyCount "87"]
[WhiteFideId "12988588"]
[BlackFideId "12930180"]
[EventCountry "GER"]
[EventRounds "9"]
[EventType "swiss"]
[EventDate "2017.06.03"]

1. e4 e5 2. Nf3 Nc6 3. Bc4 Nf6 4. d3 Be7 5. c3 O-O 6. Nbd2 d5 7. Bb3 dxe4 8.
dxe4 Bg4 9. O-O Bc5 10. h3 Bh5 11. Qe2 Qe7 12. Nc4 h6 13. Bc2 a6 14. Be3 b5 15.
Bxc5 Qxc5 16. Ncd2 Rfd8 17. Rfd1 Rd7 18. Nb3 Qe7 19. Rxd7 Nxd7 20. Nbd2 Nb6 21.
Nf1 Rd8 22. Ne3 Bxf3 23. gxf3 Qh4 24. Qf1 Ne7 25. Rd1 Rxd1 26. Bxd1 Ng6 27. Kh1
Nf4 28. Kh2 Qd8 29. Bb3 Qd2 30. Nf5 c5 31. Qg1 Ng6 32. Qxg6 Qxf2+ 33. Qg2 Qxg2+
34. Kxg2 c4 35. Bc2 f6 36. Ne7+ Kf7 37. Nc6 Nd7 38. a4 bxa4 39. Bxa4 Nc5 40.
Bc2 Nd7 41. Nb4 Nc5 42. Nd5 Nd7 43. Bd1 g6 44. Be2 1-0

[Event "ODJM A 2017"]
[Site "Willingen GER"]
[Date "2017.06.04"]
[Round "1"]
[White "Helmer, Jan"]
[Black "Tresch, Lukas"]
[Result "0-1"]
[Termination "normal"]
[Board "36"]
[WhiteElo "1849"]
[BlackElo "2043"]
[PlyCount "124"]
[WhiteFideId "12956686"]
[BlackFideId "12938866"]
[EventCountry "GER"]
[EventRounds "9"]
[EventType "swiss"]
[EventDate "2017.06.03"]

1. d4 Nf6 2. Bg5 e6 3. Nd2 c5 4. c3 d5 5. e3 Be7 6. Bd3 b6 7. Ngf3 O-O 8. O-O
Ba6 9. Bxa6 Nxa6 10. Qe2 Nc7 11. Ne5 Qe8 12. f3 Rc8 13. Rac1 Qb5 14. Qxb5 Nxb5
15. Bxf6 gxf6 16. Nd3 Kh8 17. a4 Nc7 18. b4 Na6 19. b5 Nb8 20. dxc5 Bxc5 21.
Nxc5 Rxc5 22. Rc2 Rfc8 23. Rfc1 Nd7 24. f4 R5c7 25. c4 Kg7 26. e4 d4 27. Nb3 e5
28. fxe5 fxe5 29. Kf2 Nf6 30. Kf3 h5 31. h3 Nh7 32. Ke2 Ng5 33. Kd3 Ne6 34. g3
Kh6 35. Rf2 Rg8 36. Rf3 h4 37. g4 Nf4+ 38. Rxf4 exf4 39. Nxd4 Rd8 40. Kc3 Rcd7
41. Rd1 f3 42. Nf5+ Kg5 43. Rf1 Rd3+ 44. Kb4 f6 45. Ng7 R8d6 46. Nf5 Rd7 47. a5
Rc7 48. a6 Rc5 49. Ne7 Kf4 50. Nf5 Kxe4 51. Nxh4 Re3 52. Nf5 Re2 53. Ng3+ Ke3
54. Nf5+ Rxf5 55. gxf5 f2 56. c5 Re1 57. Rxf2 Kxf2 58. cxb6 axb6 59. Kc4 Rd1
60. h4 Rd7 61. h5 Kf3 62. h6 Ke4 0-1

[Event "ODJM A 2017"]
[Site "Willingen GER"]
[Date "2017.06.04"]
[Round "1"]
[White "Fistoul, Boris"]
[Black "Wieber, Dominik"]
[Result "1-0"]
[Termination "normal"]
[Board "37"]
[WhiteElo "1902"]
[BlackElo "1818"]
[PlyCount "87"]
[WhiteFideId "12953962"]
[BlackFideId "24699012"]
[EventCountry "GER"]
[EventRounds "9"]
[EventType "swiss"]
[EventDate "2017.06.03"]

1. d4 d5 2. c4 c6 3. Nf3 Nf6 4. Nc3 e6 5. e3 g6 6. Qc2 Bg7 7. b3 O-O 8. Be2
Nbd7 9. h3 Re8 10. Bb2 dxc4 11. bxc4 e5 12. O-O exd4 13. exd4 Nb6 14. Rfe1 Bf5
15. Qb3 Qc7 16. a4 Rad8 17. a5 Nc8 18. a6 b6 19. Rad1 Nd6 20. d5 cxd5 21. cxd5
Nfe4 22. Nxe4 Bxe4 23. Rc1 Qd7 24. Bxg7 Kxg7 25. Nd2 Rc8 26. Rxc8 Rxc8 27. Nxe4
Nxe4 28. Bg4 f5 29. Rxe4 Rc1+ 30. Bd1 Rxd1+ 31. Qxd1 fxe4 32. Qd4+ Kf7 33. Qxe4
Qf5 34. Qc4 Qe5 35. d6+ Qe6 36. Qc7+ Ke8 37. Qxa7 Qxd6 38. Qxh7 Qd1+ 39. Kh2
Qd6+ 40. g3 Qf6 41. Qg8+ Kd7 42. Qd5+ Kc7 43. Qb7+ Kd8 44. Kg2 1-0

[Event "ODJM A 2017"]
[Site "Willingen GER"]
[Date "2017.06.04"]
[Round "1"]
[White "Udaykumar, Arunn Mark"]
[Black "Munkhjargal, Narmandakh"]
[Result "0-1"]
[Termination "normal"]
[Board "38"]
[WhiteElo "1793"]
[BlackElo "1957"]
[PlyCount "94"]
[WhiteFideId "12965456"]
[BlackFideId "4903382"]
[EventCountry "GER"]
[EventRounds "9"]
[EventType "swiss"]
[EventDate "2017.06.03"]

1. e4 c5 2. Nf3 Nc6 3. d4 cxd4 4. Nxd4 a6 5. Nc3 e6 6. a3 Qc7 7. Be3 Nf6 8. f4
d6 9. h3 b5 10. Nxc6 Qxc6 11. Bd3 Bb7 12. Qe2 Be7 13. Nxb5 O-O 14. Nc3 Rab8 15.
O-O Ba8 16. Rab1 a5 17. e5 dxe5 18. fxe5 Nd5 19. Nxd5 Qxd5 20. Bf4 Rxb2 21.
Rxb2 Qd4+ 22. Kh1 Qxb2 23. Qh5 g6 24. Qh6 Rd8 25. Rd1 Qb7 26. Rd2 Rb8 27. Bg5
Bf8 28. Qh4 Qb1+ 29. Kh2 Bc5 30. Re2 Qg1+ 31. Kg3 Bxa3 32. Qf4 Qa7 33. Qf6 Bf8
34. h4 Bg7 35. Qf1 h5 36. Bf6 Qd4 37. Kh2 Bh6 38. g3 a4 39. Be7 Be3 40. Qe1 Bh6
41. Qf1 Rc8 42. Bd6 Qa7 43. Rf2 a3 44. Bxa3 Qxa3 45. Rxf7 Rf8 46. Bxg6 Bf3 47.
Re7 Qxe7 0-1

[Event "ODJM A 2017"]
[Site "Willingen GER"]
[Date "2017.06.04"]
[Round "1"]
[White "Göttel, Tobias"]
[Black "Schumann, Oliver"]
[Result "1/2-1/2"]
[Termination "normal"]
[Board "39"]
[WhiteElo "1976"]
[BlackElo "1875"]
[PlyCount "92"]
[WhiteFideId "24693316"]
[BlackFideId "1270397"]
[EventCountry "GER"]
[EventRounds "9"]
[EventType "swiss"]
[EventDate "2017.06.03"]

1. c4 c5 2. e4 Nc6 3. Nc3 g6 4. g3 Bg7 5. Bg2 d6 6. Nge2 Nf6 7. d3 Nd4 8. Nxd4
cxd4 9. Ne2 Nd7 10. b4 Qb6 11. Rb1 a5 12. b5 Nc5 13. Nf4 e6 14. O-O O-O 15. g4
Qd8 16. Nh3 e5 17. g5 f6 18. gxf6 Bxf6 19. f4 Bg7 20. fxe5 dxe5 21. Ba3 b6 22.
Qd2 Qh4 23. Bxc5 bxc5 24. Qg5 Qxg5 25. Nxg5 Bf6 26. Nf3 a4 27. a3 Re8 28. Nxd4
Bg5 29. Nf3 Bf4 30. Kf2 g5 31. h3 Rd8 32. Ke2 g4 33. hxg4 Bxg4 34. Rh1 Ra7 35.
Rbd1 Rad7 36. Bf1 Rg7 37. Kf2 Rf8 38. Rg1 Bh2 39. Rxg4 Rxg4 40. Ke2 Bf4 41. Rb1
Rg6 42. Bh3 Rb8 43. Kf2 Kf8 44. Bf5 Rg7 45. Rh1 Rd8 46. Rd1 Bg3+ 1/2-1/2

[Event "ODJM A 2017"]
[Site "Willingen GER"]
[Date "2017.06.04"]
[Round "1"]
[White "Bui, Hai Lam"]
[Black "Behringer, Tom"]
[Result "1-0"]
[Termination "normal"]
[Board "41"]
[WhiteElo "1916"]
[BlackElo "1840"]
[PlyCount "61"]
[WhiteFideId "12975737"]
[BlackFideId "16203496"]
[EventCountry "GER"]
[EventRounds "9"]
[EventType "swiss"]
[EventDate "2017.06.03"]

1. e4 e6 2. d4 d5 3. Nc3 Nf6 4. e5 Nfd7 5. f4 c5 6. Nf3 Nc6 7. Be3 a6 8. Qd2 b5
9. a3 Qb6 10. Ne2 Be7 11. g3 f6 12. Bg2 fxe5 13. dxe5 Bb7 14. O-O O-O-O 15. b4
d4 16. Bf2 cxb4 17. Nexd4 Nxd4 18. Bxd4 Bc5 19. axb4 Bxd4+ 20. Qxd4 Qc6 21. Qf2
Nb6 22. Ng5 Qxg2+ 23. Qxg2 Bxg2 24. Kxg2 Rd2+ 25. Rf2 Rxf2+ 26. Kxf2 Re8 27.
Rxa6 Kb7 28. Ra1 Nd5 29. Ne4 Re7 30. Nd6+ Kb8 31. Ra5 1-0

[Event "ODJM A 2017"]
[Site "Willingen GER"]
[Date "2017.06.04"]
[Round "1"]
[White "Kruglikova, Viktorija"]
[Black "Adelmeyer, Matti"]
[Result "1/2-1/2"]
[Termination "normal"]
[Board "42"]
[WhiteElo "1788"]
[BlackElo "1677"]
[PlyCount "114"]
[WhiteFideId "34120596"]
[BlackFideId "12962520"]
[EventCountry "GER"]
[EventRounds "9"]
[EventType "swiss"]
[EventDate "2017.06.03"]

1. e4 e5 2. Nf3 Nc6 3. Bb5 a6 4. Bxc6 bxc6 5. O-O d6 6. d4 exd4 7. Qxd4 c5 8.
Qd5 Be6 9. Qg5 Qxg5 10. Nxg5 Nf6 11. Nxe6 fxe6 12. Re1 e5 13. f4 Nd7 14. c4 Be7
15. Nc3 c6 16. f5 O-O 17. Be3 Nb6 18. b3 a5 19. a4 Nd7 20. Bd2 Rfb8 21. Rab1
Rb7 22. Ne2 Bd8 23. Nc1 Nb6 24. Nd3 Be7 25. Rbd1 Nd7 26. Nc1 Nf6 27. Bg5 Rd8
28. Rd3 Rbd7 29. Bd2 Ra7 30. h3 d5 31. exd5 e4 32. Rde3 cxd5 33. cxd5 Rxd5 34.
Bc3 Rxf5 35. Bxf6 Bxf6 36. Rxe4 Bd4+ 37. Kh2 Raf7 38. Nd3 Rb7 39. Rb1 Rd5 40.
Rf1 Rd8 41. Nc1 Rb4 42. Kh1 Bb2 43. Rxb4 cxb4 44. Ne2 Rd3 45. Rf3 Rxf3 46. gxf3
Kf7 47. Kg2 Ke6 48. Kf2 Kd5 49. Ke3 Be5 50. Kd3 g5 51. Nc1 Bd6 52. Ne2 Bc5 53.
Ng3 Ke5 54. Ne2 h6 55. Kc4 Bb6 56. Kb5 Bc7 57. Kc4 Bb6 1/2-1/2

[Event "ODJM A 2017"]
[Site "Willingen GER"]
[Date "2017.06.04"]
[Round "1"]
[White "Ostra, Noah"]
[Black "Weinkauf, Viktor"]
[Result "0-1"]
[Termination "normal"]
[Board "43"]
[WhiteElo "1647"]
[BlackElo "1732"]
[PlyCount "46"]
[WhiteFideId "16228979"]
[BlackFideId "1272036"]
[EventCountry "GER"]
[EventRounds "9"]
[EventType "swiss"]
[EventDate "2017.06.03"]

1. e4 c5 2. Nf3 e6 3. d4 cxd4 4. Nxd4 a6 5. Nc3 Qc7 6. Be3 Bb4 7. Qd2 Nf6 8.
Bd3 b5 9. f4 Bb7 10. e5 Nd5 11. O-O Nxc3 12. a3 Ba5 13. Nb3 Nd5 14. Nxa5 Nxe3
15. Nxb7 Nxf1 16. Nd6+ Qxd6 17. Rxf1 Qc5+ 18. Kh1 O-O 19. Qe2 d5 20. exd6 Nd7
21. f5 exf5 22. Rxf5 Rae8 23. Qh5 Re1+ 0-1

[Event "ODJM A 2017"]
[Site "Willingen GER"]
[Date "2017.06.04"]
[Round "1"]
[White "Buhr, Patrick"]
[Black "Straßburg, Robin"]
[Result "1/2-1/2"]
[Termination "normal"]
[Board "44"]
[WhiteElo "1780"]
[BlackElo "1673"]
[PlyCount "48"]
[WhiteFideId "16206436"]
[BlackFideId "16210018"]
[EventCountry "GER"]
[EventRounds "9"]
[EventType "swiss"]
[EventDate "2017.06.03"]

1. c4 e5 2. g3 g6 3. Bg2 Bg7 4. Nc3 Nc6 5. e3 Nge7 6. Nge2 O-O 7. O-O d6 8. a3
a5 9. b3 Bd7 10. Bb2 Qc8 11. Re1 Bh3 12. Bh1 h6 13. Rc1 f5 14. Qc2 f4 15. exf4
exf4 16. Nd5 fxg3 17. hxg3 Bxb2 18. Qxb2 Nxd5 19. Bxd5+ Be6 20. Nf4 Bxd5 21.
Nxd5 Qf5 22. d3 Qf7 23. Re4 Ne5 24. Rf4 Qg7 1/2-1/2

[Event "ODJM A 2017"]
[Site "Willingen GER"]
[Date "2017.06.04"]
[Round "1"]
[White "Meijerink, Inken"]
[Black "Petri, Ben-Luca"]
[Result "0-1"]
[Termination "normal"]
[Board "47"]
[WhiteElo "1532"]
[BlackElo "1709"]
[PlyCount "36"]
[WhiteFideId "16225465"]
[BlackFideId "12947261"]
[EventCountry "GER"]
[EventRounds "9"]
[EventType "swiss"]
[EventDate "2017.06.03"]

1. e4 e5 2. Nf3 Nc6 3. Bc4 Bc5 4. O-O Nf6 5. d4 Bxd4 6. Nxd4 Nxd4 7. f4 d6 8.
fxe5 dxe5 9. Bg5 Qe7 10. Bxf6 gxf6 11. Nd2 Be6 12. Bxe6 Nxe6 13. c3 O-O-O 14.
Qe2 Nf4 15. Qf2 Rhg8 16. Qxa7 Rxg2+ 17. Kh1 Rdxd2 18. Rf2 Rgxf2 0-1

[Event "ODJM A 2017"]
[Site "Willingen GER"]
[Date "2017.06.04"]
[Round "1"]
[White "Leser, Stefan"]
[Black "Teschler, Ansgar"]
[Result "0-1"]
[Termination "normal"]
[Board "48"]
[WhiteElo "1817"]
[BlackElo "1791"]
[PlyCount "94"]
[WhiteFideId "12997706"]
[BlackFideId "16231139"]
[EventCountry "GER"]
[EventRounds "9"]
[EventType "swiss"]
[EventDate "2017.06.03"]

1. e4 c5 2. Nf3 d6 3. d4 cxd4 4. Nxd4 Nf6 5. Nc3 g6 6. Be3 Bg7 7. f3 O-O 8. Qd2
Nc6 9. O-O-O d5 10. exd5 Nxd5 11. Nxc6 bxc6 12. Bd4 e5 13. Bc5 Be6 14. Ne4 Re8
15. h4 h6 16. g4 Qc7 17. g5 h5 18. Bc4 Rad8 19. Qf2 Nf4 20. Bxe6 Nxe6 21. Bxa7
Ra8 22. Bb6 Qb8 23. Rd7 Rxa2 24. Kb1 Qa8 25. Ba7 Ra5 26. Rhd1 c5 27. Nd6 Rf8
28. Qd2 Rxa7 29. Rxa7 Qxa7 30. Ne4 Rd8 31. Qe2 Ra8 32. c3 Qa2+ 33. Kc1 c4 34.
Nf6+ Bxf6 35. gxf6 Nf4 36. Qc2 Nd3+ 37. Kd2 Qxb2 38. Rb1 Qxc2+ 39. Kxc2 Ra2+
40. Kd1 Rf2 41. Rb8+ Kh7 42. Rf8 Rxf3 43. Rxf7+ Kg8 44. Rg7+ Kf8 45. Rxg6 Rf2
46. f7 Rxf7 47. Rc6 Rf4 0-1

[Event "ODJM A 2017"]
[Site "Willingen GER"]
[Date "2017.06.04"]
[Round "1"]
[White "Isler, Benjamin"]
[Black "Riegel, Arinna"]
[Result "1-0"]
[Termination "normal"]
[Board "49"]
[WhiteElo "1740"]
[BlackElo "1852"]
[PlyCount "103"]
[WhiteFideId "12975478"]
[BlackFideId "12931446"]
[EventCountry "GER"]
[EventRounds "9"]
[EventType "swiss"]
[EventDate "2017.06.03"]

1. e4 c5 2. d4 cxd4 3. c3 dxc3 4. Nxc3 a6 5. Nf3 d6 6. Bc4 e6 7. Ng5 Nf6 8. e5
Nfd7 9. Nxf7 Kxf7 10. Bxe6+ Ke8 11. exd6 Nf6 12. Qe2 Bxe6 13. Qxe6+ Be7 14.
dxe7 Qxe7 15. Qxe7+ Kxe7 16. O-O Nc6 17. Bg5 Kf7 18. Rad1 Rad8 19. Bxf6 Kxf6
20. Ne4+ Kg6 21. Nc5 Na5 22. b4 Nc4 23. Nxb7 Rb8 24. Rd4 Rhc8 25. Nd6 Nxd6 26.
Rxd6+ Kf7 27. a3 Ra8 28. Rfd1 Rc3 29. R6d3 Rac8 30. g3 h6 31. Rd7+ Kg8 32. Ra7
R8c6 33. Rd8+ Kh7 34. Rda8 Rxa3 35. b5 Rc2 36. Rf8 Rc5 37. bxa6 Rc6 38. Rfa8
Ra1+ 39. Kg2 Rf6 40. f4 Rc6 41. Re7 Ra2+ 42. Kh3 Rcxa6 43. Rxa6 Rxa6 44. f5 Rd6
45. Kg4 Rd4+ 46. Kh5 Rd5 47. g4 Rd2 48. h3 Rd3 49. Kh4 Rd5 50. f6 Kg6 51. f7
Rd8 52. Re8 1-0

[Event "ODJM A 2017"]
[Site "Willingen GER"]
[Date "2017.06.04"]
[Round "1"]
[White "Schäfer, Nicolas"]
[Black "Zha, Kevin"]
[Result "1-0"]
[Termination "normal"]
[Board "50"]
[WhiteElo "1656"]
[BlackElo "1591"]
[PlyCount "73"]
[WhiteFideId "12988901"]
[BlackFideId "16208951"]
[EventCountry "GER"]
[EventRounds "9"]
[EventType "swiss"]
[EventDate "2017.06.03"]

1. Nf3 g6 2. d4 Bg7 3. c4 Nf6 4. Nc3 d6 5. e4 Nbd7 6. Qc2 O-O 7. Be2 c5 8. d5
Re8 9. O-O a6 10. Rd1 Qc7 11. a3 e6 12. dxe6 Rxe6 13. Ng5 Re8 14. Bf4 Ne5 15.
Qd2 Bf8 16. Nf3 Bg4 17. Bg5 Nh5 18. Nd5 Qb8 19. Nxe5 Bxe2 20. Nd7 Qc8 21. N7f6+
Nxf6 22. Nxf6+ Kh8 23. Qxe2 Re6 24. Qf3 Be7 25. Qc3 Bxf6 26. Bxf6+ Kg8 27. e5
Qc6 28. exd6 Rxd6 29. Bh8 Kf8 30. Qg7+ Ke7 31. Rxd6 Qxd6 32. Re1+ Kd7 33. Qxf7+
Kc6 34. Re6 Rxh8 35. Rxd6+ Kxd6 36. Qf6+ Kc7 37. Qxh8 1-0

[Event "ODJM A 2017"]
[Site "Willingen GER"]
[Date "2017.06.04"]
[Round "1"]
[White "Todua, Anastasia"]
[Black "Bayer, Martin"]
[Result "0-1"]
[Termination "normal"]
[Board "51"]
[WhiteElo "1588"]
[BlackElo "1751"]
[PlyCount "84"]
[WhiteFideId "24174335"]
[BlackFideId "16206924"]
[EventCountry "GER"]
[EventRounds "9"]
[EventType "swiss"]
[EventDate "2017.06.03"]

1. e4 e5 2. Nf3 Nc6 3. Bb5 a6 4. Ba4 Nf6 5. Qe2 b5 6. Bb3 Be7 7. c3 d6 8. O-O
O-O 9. Rd1 Bb7 10. d4 exd4 11. cxd4 d5 12. e5 Ne4 13. Nbd2 f5 14. exf6 Nxf6 15.
Qe6+ Kh8 16. Nf1 Qd6 17. Ng5 Nd8 18. Qh3 h6 19. Nf3 Ne4 20. Ne3 Bc8 21. Qh5 c6
22. Bc2 Ne6 23. Nf5 Rxf5 24. Qe8+ Rf8 25. Qg6 Nf4 26. Qxd6 Bxd6 27. Re1 Nh3+
28. gxh3 Rxf3 29. Bxe4 dxe4 30. Rxe4 Rxh3 31. Re8+ Kh7 32. Bd2 Bb7 33. Re6 Rd8
34. Rae1 c5 35. dxc5 Bxh2+ 36. Kf1 Rxd2 37. c6 Rf3 38. Kg2 Rdxf2+ 39. Kh1 Ba8
40. Rc1 Rh3 41. Rd1 Rc2 42. Rde1 Rxc6 0-1

[Event "ODJM A 2017"]
[Site "Willingen GER"]
[Date "2017.06.04"]
[Round "1"]
[White "Erezhep, Assylzhan"]
[Black "Rohde, Niclas"]
[Result "1/2-1/2"]
[Termination "normal"]
[Board "52"]
[WhiteElo "1753"]
[BlackElo "1587"]
[PlyCount "88"]
[WhiteFideId "13712144"]
[BlackFideId "16230205"]
[EventCountry "GER"]
[EventRounds "9"]
[EventType "swiss"]
[EventDate "2017.06.03"]

1. e4 d6 2. d4 Nf6 3. Nc3 g6 4. Nf3 Bg7 5. g3 O-O 6. Bg2 c6 7. O-O Nbd7 8. h3
Qc7 9. Be3 Rb8 10. a4 b6 11. Qe2 Bb7 12. Nd2 e6 13. f4 Rbd8 14. Rf2 c5 15. f5
exf5 16. exf5 Bxg2 17. Kxg2 Rfe8 18. Qf3 cxd4 19. Bxd4 Ne5 20. Bxe5 Rxe5 21.
fxg6 hxg6 22. Re2 Rde8 23. Rae1 Nh7 24. Rxe5 dxe5 25. Re3 Rd8 26. Rd3 Ng5 27.
Rxd8+ Qxd8 28. Qd5 Qc8 29. g4 Ne6 30. Qe4 Nf4+ 31. Kg3 Kh7 32. Nf3 f5 33. Ng5+
Kg8 34. gxf5 gxf5 35. Qf3 Bf6 36. h4 Qd8 37. Kh2 Bxg5 38. hxg5 Qxg5 39. Qa8+
Kh7 40. Qxa7+ Kh6 41. Qxb6+ Kh5 42. Qf2 Kh6 43. Qb6+ Kh5 44. Qf2 Kh6 1/2-1/2

[Event "ODJM A 2017"]
[Site "Willingen GER"]
[Date "2017.06.04"]
[Round "1"]
[White "Wastian, Mareike"]
[Black "Reindl, Knut"]
[Result "0-1"]
[Termination "normal"]
[Board "53"]
[WhiteElo "1711"]
[BlackElo "1687"]
[PlyCount "42"]
[WhiteFideId "12947423"]
[BlackFideId "12946753"]
[EventCountry "GER"]
[EventRounds "9"]
[EventType "swiss"]
[EventDate "2017.06.03"]

1. e4 c5 2. d4 cxd4 3. c3 Nf6 4. e5 Nd5 5. Nf3 Nc6 6. cxd4 d6 7. Bc4 e6 8. O-O
Be7 9. Qe2 O-O 10. Qe4 Ndb4 11. exd6 Qxd6 12. Bf4 Qd7 13. Rd1 Na5 14. Ne5 Qd8
15. Be2 f5 16. Qf3 Nc2 17. d5 Qb6 18. Be3 Qxb2 19. d6 Bxd6 20. Rxd6 Qxa1 21.
Qg3 Nxe3 0-1